000 01495nam a2200337 a 4500
001 BRCA_8629
005 20190320210342.0
008 220916s1780----it-a######---#000-0#ita-#
041 _aita
044 _ait
050 4 _aF1219
_b.C53
_c1780
100 1 _aClavigero, D. Francesco Saverio
_921549
245 1 0 _aStoria antica del messico cavata da´ migliori storici spagnuolt da´ manoscritti e dalle pitture antiche degl indiant divisa in dieci libri e corredata di carte geografiche e di varie figure
_be dissertazioni sulla terra fugli animali e fugli abitatori del messico
_cD. Francesco Saverio Clavigero.
260 _aCesena
_bGregorio Biasini All´ Insegna de Pallade
_c1780
300 _a2 vol. (con varias paginaciones)
_bil.
_c25 cm
500 _aFondo antiguo
500 _aSe encuentra en Caja Fuerte
500 _aB-352
500 _aCon Ex-libris de: Franz Mayer
500 _aCon dedicatoria: alla reale e pontificia universita´ degli studi di messico
500 _aVol. 1: T.II, Vol. 2: T.II, T.III y V
500 _aContiene prefacio
500 _aUso de letras capiturales
500 _aIncluye índice del tomo I Libro I y tomo II Libro VI
500 _aIncluye erratas corregidas
500 _aNota de encuadernación: piel sobre cartón, cantos en rojo
506 0 _aFondo reservado: para su consulta es necesario credencial de usuario y carta de motivos
650 1 4 _aHistoria
_eConquista 1519-1540
_zMéxico
_910416
902 _aLAR
942 _2lcc
_cB
999 _c8289
_d8289